000 01424nam a2200337Ia 4500
001 ebr10265304
003 CaPaEBR
006 m u
007 cr cn|||||||||
008 990316s1999 nyua sbe 001 0 eng d
010 _z 99025832
020 _z0826112374 (hardcover)
020 _z0826112390 (softcover)
020 _z9780826112392
040 _aCaPaEBR
_cCaPaEBR
035 _a(OCoLC)298882062
050 1 4 _aR733
_b.E525 1999eb
082 0 4 _a615.5/03
_221
245 0 0 _aEncyclopedia of complementary health practice
_h[electronic resource] /
_cCarolyn Chambers Clark, editor in chief ; Rena J. Gordon, contributing editor ; Barbara Harris, Carl O. Helvie, advisory contributing editors.
260 _aNew York :
_bSpringer Pub. Co.,
_cc1999.
300 _axxi, 638 p. :
_bill.
504 _aIncludes bibliographical references (p. 535-602) and index.
533 _aElectronic reproduction.
_bPalo Alto, Calif. :
_cebrary,
_d2009.
_nAvailable via World Wide Web.
_nAccess may be limited to ebrary affiliated libraries.
650 0 _aAlternative medicine
_vEncyclopedias.
650 0 _aIntegrative medicine
_vEncyclopedias.
655 7 _aElectronic books.
_2local
700 1 _aClark, Carolyn Chambers.
700 1 _aGordon, Rena J.
710 2 _aebrary, Inc.
856 4 0 _uhttp://site.ebrary.com/lib/rucke/Doc?id=10265304
_zAn electronic book accessible through the World Wide Web; click to view
999 _c9865
_d9865